000 00832nam a22002057a 4500
999 _c8039
_d8039
003 AR-CdUCM
008 190322b ||||| |||| 00| 0 spa d
040 _aMUNICIPALIDAD PROVINCIAL DEL CUSCO
_cBIBLIOTECA MUNICIPAL DEL CUSCO
082 _a634.9 /
_bM21
100 _aMalleux Orjeda, Jorge
_922724
245 _aMapa forestal del Perú :
_bmemoria explicativa /
260 _aLa Molina :
_bUniversidad Nacional Agraria la Molina,
_c1975.
300 _a161 páginas ;
_bIlustraciones,
_c24 cm.
505 _aMetodología de trabajo -- Distribución de los bosques en el mundo -- Características generales del recurso forestal peruano -- Características de la población en bosques tropicales.
650 _aBosques y silvicultura
_919325
650 _aMapas
_916445
650 _aPerú
_935
942 _2ddc
_cLIBROS
945 _aacv